00622nam a2200205Ia 450000500170000000800410001702000300005804000190008804100120010708200150011910000230013424500860015725000120024326000480025530000100030350400600031365000150037370000180038885000100040620221013104214.0140110s9999 xx 000 0 und d a9780495810629cRs.1482.00 aLoreto College aEnglish a152.8bWHI aWhitley,Bernard E. 4aThe psychology of prejudice and discriminationcBernard E.Whitley and Mary E.Kite a2nd ed. aAustraliabWadsworth Cengage Learningc2010 a692p. aIncludes bibliographical references,glossary and index aPsychology aKite, Mary E. aLCLIB